000 00889cab a22002055a 4500
001 L152475
008 110314s2011 xxk 000 0 eng d
035 _a(Sirsi) u152475
041 0 _aeng
100 1 _aMorris, Peter
245 0 0 _aMeasuring and managing cost escalation
260 _c2011
490 _aProject Control Professional
_v49(2) March 2011, 14-20(7)
520 _aExamines methods of quantifying and managing cost escalation on an individual project which is critical for owners and contractors in order to ensure that there are sufficient funds to deliver the final programme in budget and on schedule; construction projects, escalation factors, risk factors, market factors, measuring cost escalation, managing escalation.
590 _aKA
651 4 _aInternational
690 _aBUILT ENVIRONMENT-BUILDING COSTS
700 1 _aWillson, William F.
942 _n0
999 _c82979
_d82979